Modernization of Indian Tradition (Record no. 10318)
[ view plain ]
| 000 -LEADER | |
|---|---|
| fixed length control field | 00771nam a2200253 a 4500 |
| 020 ## - INTERNATIONAL STANDARD BOOK NUMBER | |
| ISBN | 8170333 |
| 082 00 - DEWEY DECIMAL CLASSIFICATION NUMBER | |
| Classification number | 306.0955 |
| Author Cutter | SIN |
| 100 ## - MAIN ENTRY--AUTHOR NAME | |
| Author name | Singh, Yogendra |
| 245 ## - TITLE STATEMENT | |
| Title | Modernization of Indian Tradition |
| 260 ## - PUBLICATION, DISTRIBUTION, ETC. (IMPRINT) | |
| Place of publication | Jaipur |
| Name of publisher | Rawat Publications |
| Year of publication | 1999 |
| 300 ## - PHYSICAL DESCRIPTION | |
| Number of Pages | 267p |
| 500 ## - GENERAL NOTE | |
| General note | includes index and biblioraphy |
| 505 2# - FORMATTED CONTENTS NOTE | |
| Formatted contents note | The author uses Clifford Greetz`s concept of the theatre state to help analyse contemporary politics and ethinic relations in the region. |
| 650 ## - SUBJECT ADDED ENTRY--TOPICAL TERM | |
| Topical Term | Culture-India-Modernity |
| 650 ## - SUBJECT ADDED ENTRY--TOPICAL TERM | |
| Topical Term | Sociology-India |
| 942 ## - ADDED ENTRY ELEMENTS (KOHA) | |
| Koha item type | Books |
| 700 1# - | |
| -- | Singh, Yogendra |
| Home library | Current library | Date acquired | Cost, normal purchase price | Full call number | Accession Number | Koha item type |
|---|---|---|---|---|---|---|
| Henry Martyn Institute Library | Henry Martyn Institute Library | 02/08/2019 | 400.00 | 306.0955 SIN | 019442 | Books |
| Henry Martyn Institute Library | Henry Martyn Institute Library | 02/08/2019 | 400.00 | 306.0955 SIN | 021579 | Books |
